000
00302nam a2200121Ia 4500
008
240624s9999 xx 000 0 und d
041
_a
eng
082
_a
828 REA
100
_a
READER DIGEST
245
_a
READER S DIGEST SELECT EDITIONS
260
_c
2006
_a
Sydney
_b
Reader Digest
300
_a
558p. : 20cm.
999
_c
3958
_d
3958